Statistics for 20 speedrunners in 4mins #1

Click here to take the quiz!

General Stats

  • This quiz has been taken 13 times
  • The average score is 10 of 20

Answer Stats

Games they runCountryRunner% Correct
MinecraftFranceMathoX
100%
Super Mario Bros and Toad's AdventureUnited StatesNiftski
75%
Prince of Persia games and Winx ClubFrance7eraser7
50%
Rise & Shine, Omensight and FuriFranceAetienne
50%
I wanna be the guy gamesGermanyBBF
50%
Pokemon GamesNetherlandsCrrool
50%
Guild Wars : FactionSwitzerlandDanaephia
50%
Neo Turf Master, Trackmania Stadium and KoloroFranceFaraziel
50%
Cyber Lip, Metal Slug and SpinmasterAustraliagheb
50%
Cyberdimension Neptunia games & Warriors orochi gamesJapanIllayaya
50%
Code VeinChinaixk
50%
The Legend of Zelda games and Super Mario 64FranceMarco
50%
Final Fantasy SeriesUnited KingdomMetako
50%
Paris Marseille Racing, Electronic Super Joy and DucktalesFranceShigan
50%
Cuphead, Battletoads and ContraMexicoTheMexicanRunner
50%
The Legend of Korra and Fort BoyardFranceYajiji
50%
The Legend of Zelda: Ocarina of Time 100%United Stateszfg
50%
Tapper, Burgertime, LadybugUnited StatesPoppaPicklett
25%
SpongeBob SquarePants: Battle for Bikini BottomUnited StatesSHIFT
25%
Mario Kart 8 Deluxe and Pokemon Ranger 2GermanyKipperin
0%

Score Distribution

Percentile by Number Answered

Percent of People with Each Score

Your Score History

You have not taken this quiz